000 01344nam a2200337 c 4500
003 BLK
005 20250312111714.0
008 180411b bul|||||r ||||||| ||bul||
010 _aKNG00178588000
020 _a978-619-7067-23-1
_bиздат.: Книгопис
040 _aBLK
041 _aBUL
_cBUL
072 7 _2bullib
_aН83
_xЧужда художествена литература Н
080 _aТурска литература
_b821.512.161
_x-31
_z821.512.161-31
100 1 _aЛиванели, Зюлфю
_eпърви автор
_988700
700 1 _aДимитрова, Силвия Василева
_eпрев. от тур.
_9372508
139 _aЛиванели, Зюлфю
_bЛ 54
245 1 0 _aИсторията на моя брат
_cЗюлфю Ливанели; прев. от тур. Силвия Василева Димитрова.
257 _aTUR
260 София
_bКнигопис
_c2014
_fСофия : Лито Балкан
300 _a303 с.
_c20 см
380 _aX
500 _aОриг. загл.: Kardesimin hikayesi / Zulfu Livaneli.
659 _aН
852 _aЦб 275576
856 4 _qpdf
_u
856 4 _qpdf
_u
942 _cKNG
_n0
_030
944 _aCR
_c21.07.2015
_k30535
_lХристина Везирева
944 _aED
_c01.12.2015
_kГеновева_Генчева
999 _c170439
_d170439